| 000 | 02382cgm a22004934a 4500 | ||
|---|---|---|---|
| 999 |
_c29079 _d29050 |
||
| 001 | 14507582 | ||
| 005 | 20210227155957.0 | ||
| 006 | m o c | ||
| 007 | cr una---unuuu | ||
| 007 | vz uzazuu | ||
| 008 | 160825p20162000cau098 o o vleng d | ||
| 028 | 5 | 2 |
_a1219420 _bKanopy |
| 035 | _a(CaSfKAN)kan1219420 | ||
| 040 |
_aVDU _beng _cVDU |
||
| 082 | 0 | 4 |
_a791.4372 _bINT _222 |
| 245 | 0 | 0 | _aIn the Mood for Love. |
| 264 | 1 |
_bCriterion Collection/Janus Films, _c2000. |
|
| 264 | 1 |
_a[San Francisco, California, USA] : _bKanopy Streaming, _c2016. |
|
| 300 |
_a1 online resource (streaming video file) (99 minutes): _bdigital, .flv file, sound |
||
| 306 | _a013840 | ||
| 336 |
_atwo-dimensional moving image _btdi _2rdacontent |
||
| 337 |
_acomputer _bc _2rdamedia |
||
| 338 |
_aonline resource _bcr _2rdacarrier |
||
| 500 | _aTitle from title frames. | ||
| 500 | _aFilm | ||
| 506 | _aAccess restricted by licensing agreement. | ||
| 518 | _aOriginally produced by Criterion Collection/Janus Films in 2000. | ||
| 520 | _aHong Kong, 1962: Chow Mo-wan (Tony Leung Chiu-wai) and Su Li-zhen (Maggie Cheung Man-yuk) move into neighboring apartments on the same day. Their encounters are formal and polite—until a discovery about their spouses creates an intimate bond between them. At once delicately mannered and visually extravagant, Wong Kar-wai’s In the Mood for Love is a masterful evocation of romantic longing and fleeting moments.. With its aching musical soundtrack and exquisitely abstract cinematography by Christopher Doyle and Mark Lee Ping-bin, this film has been a major stylistic influence on the past decade of cinema, and is a milestone in Wong’s redoubtable career.. | ||
| 546 | _aIn English | ||
| 590 | _aAccess is available to the Yale community. | ||
| 650 | 0 | _aForeign language films. | |
| 650 | 0 | _aMotion pictures. | |
| 653 | _aAsian Studies | ||
| 655 | 4 | _aAsian Studies | |
| 655 | 7 |
_aFeature films _2lcgft |
|
| 710 | 2 |
_aCriterion Collection/Janus Films (Firm), _4dst _925408 |
|
| 710 | 2 |
_aKanopy (Firm), _4dst |
|
| 730 | 0 | _aKanopy Criterion collection. | |
| 856 | 4 | 0 |
_yStreaming video _uhttps://yale.kanopy.com/node/219421 |
| 856 | 4 | 2 |
_3Cover image _uhttps://www.kanopy.com/node/219421/external-image |
| 942 |
_2ddc _cCDVDMOV |
||
| 946 | _aDO NOT EDIT. DO NOT EXPORT. | ||